Money into property global 2010 (Record no. 110724)
[ view plain ]
| 000 -LEADER | |
|---|---|
| fixed length control field | 01253cad a22002175a 4500 |
| 001 - CONTROL NUMBER | |
| control field | L150078 |
| 008 - FIXED-LENGTH DATA ELEMENTS--GENERAL INFORMATION | |
| fixed length control field | 100601s2010 xxkd f 000 0 eng d |
| 035 ## - SYSTEM CONTROL NUMBER | |
| System control number | (Sirsi) u150078 |
| 041 0# - LANGUAGE CODE | |
| Language code of text/sound track or separate title | eng |
| 050 04 - LIBRARY OF CONGRESS CALL NUMBER | |
| Classification number | 332.6324 $2 18 |
| 110 2# - MAIN ENTRY--CORPORATE NAME | |
| Corporate name or jurisdiction name as entry element | DTZ Research |
| 9 (RLIN) | 3886 |
| 245 00 - TITLE STATEMENT | |
| Title | Money into property global 2010 |
| Remainder of title | recovery after the storm |
| Medium | [electronic resource] |
| 260 ## - PUBLICATION, DISTRIBUTION, ETC. | |
| Place of publication, distribution, etc. | London |
| Name of publisher, distributor, etc. | DTZ Research |
| Date of publication, distribution, etc. | 2010 |
| 520 ## - SUMMARY, ETC. | |
| Summary, etc. | Provides a detailed review of year end 2009 investment stock and transaction volumes, an outlook for 2010 and beyond, and an assessment of opportunities in real estate markets worldwide. Global invested stock declined by 3.7% in 2009 but the worst is now over. Global and regional transaction volumes should extend their recoveries into 2010 and 2011 and a 12% increase in global invested stock is expected over the next two years. DTZ's fair value analysis suggests that value has now returned to most property markets worldwide. |
| 521 ## - TARGET AUDIENCE NOTE | |
| Target audience note | Advanced |
| 590 ## - LOCAL NOTE (RLIN) | |
| Local note | KA NTK |
| 651 #4 - SUBJECT ADDED ENTRY--GEOGRAPHIC NAME | |
| Geographic name | International |
| 690 ## - LOCAL SUBJECT ADDED ENTRY--TOPICAL TERM (OCLC, RLIN) | |
| Topical term or geographic name as entry element | PROPERTY-COMMERCIAL PROPERTY-COMMERCIAL PROPERTY FINANCE AND INVESTMENT |
| 856 40 - ELECTRONIC LOCATION AND ACCESS | |
| Uniform Resource Identifier | <a href="https://www.dtz.com/Global/Research/Money+into+Property+Global+2010">https://www.dtz.com/Global/Research/Money+into+Property+Global+2010</a> |
| Public note | View the report free of charge at www.dtz.com... |
| 942 ## - ADDED ENTRY ELEMENTS (KOHA) | |
| Suppress in OPAC | 0 |
| Withdrawn status | Lost status | Source of classification or shelving scheme | Damaged status | Not for loan | Home library | Current library | Shelving location | Date acquired | Total Checkouts | Full call number | Barcode | Date last seen | Copy number | Price effective from | Koha item type |
|---|---|---|---|---|---|---|---|---|---|---|---|---|---|---|---|
| Dewey Decimal Classification | Virtual | Virtual | Online | 01/06/2010 | ONLINE PUBLICATION | 150078-2001 | 06/08/2019 | 1 | 06/08/2019 | Book |